A study of the use and control of the syntax in the written English of secondary school students /
محفوظ في:
| المؤلف الرئيسي: | |
|---|---|
| التنسيق: | أطروحة كتاب |
| اللغة: | English |
| منشور في: |
1976.
|
| الموضوعات: | |
| الوسوم: |
إضافة وسم
لا توجد وسوم, كن أول من يضع وسما على هذه التسجيلة!
|
| LEADER | 01156cam a2200289 a 4500 | ||
|---|---|---|---|
| 001 | u155661 | ||
| 003 | SIRSI | ||
| 008 | 920424s1976 my t 00 1 eng m | ||
| 035 | |a AAS-4866 | ||
| 040 | |a UMM |u MPM | ||
| 090 | |a LB1631 |b Ho | ||
| 091 | |a Microfiched 6516 | ||
| 100 | 1 | 0 | |a Ho, Wah Kam. |
| 245 | 1 | 2 | |a A study of the use and control of the syntax in the written English of secondary school students / |c Ho Wah-kam. |
| 260 | |c 1976. | ||
| 300 | |a xii, 150 leaves : |b tables ; |c 30 cm. | ||
| 500 | |a Mimeographed. | ||
| 502 | |a Dissertation (M.Ed.) -- Fakulti Pendidikan, Universiti Malaya, 1976. | ||
| 504 | |a Bibliography: p. 115-118. | ||
| 650 | 0 | |a English language |x Study and teaching (Secondary). | |
| 650 | 0 | |a English language |x Syntax. | |
| 710 | 2 | 0 | |a Universiti Malaya. |b Fakulti Pendidikan. |
| 948 | |a 24/04/1992 |b 29/07/2002 | ||
| 596 | |a 1 8 23 | ||
| 999 | |a LB1631 HO |w LC |c 1 |i A002700278 |d 17/3/2012 |e 17/3/2012 |l STACKS |m P01UTAMA |n 8 |r Y |s Y |t TESIS |u 30/4/1992 | ||
| 999 | |a LB1631 HO |w LC |c 1 |i A506700001 |l STACKS |m P08PENDIDI |r Y |s Y |t TESIS |u 11/11/1997 | ||
| 999 | |a LB1631 HO |w LC |c 1 |i A512708591 |d 11/7/2006 |f 11/7/2006 |g 1 |l STACKS |m P23MELAYU |r Y |s Y |t TESIS |u 10/7/2006 | ||
